000 01421naa a22003857a 4500
001 BR8104653
003 BR-BrBNA
005 20250716171012.0
007 ta
008 250630b bl.|||m| |||| 00| 0 por d
040 _aBR-BrBNA
_bpor
_cBiblioteca Nacional de Agricultura
041 _a(Pt)
072 _aF25; F60
_b1540
_b3830
_bG514
090 _aF25 BR8104653
100 1 _aSilva, J.R. da
100 1 _aLorenzi, J.O.
100 1 _aMonteiro, D.A.
100 1 _aNormanha, E.S.
100 1 _aPereira, A.S.
111 1 _a1. Congresso Brasileiro de Mandioca
_cSalvador, BA (Brazil)
_d25 Nov 1979
245 1 _aExperimentos de algumas fontes de fosforo para mandioca [Brasil]
500 _aAnais do 1. Congresso Brasileiro de Mandioca, v. 1: Pesquisas agronomicas Cruz das Almas, BA (Brasil): 1981. p. 369-374 [Summaries (En, Pt)] (BR8104653-AMS)
773 0 _tAnais do 1. Congresso Brasileiro de Mandioca, v. 1: Pesquisas agronomicas
_wF25 BR8104653
_gCruz das Almas, BA (Brasil), 1981. p. 369-374
650 _aMANDIOCA
650 _aFERTILIZANTE FOSFATADO
650 _aFOSFORO
650 _aADUBACAO
650 _aPRATICA CULTURAL
650 _aRENDIMENTO
650 _aABSORCAO
650 _aRAIZ
490 _aDocumentos - Empresa Brasileira de Pesquisa Agropecuaria. Depto. de Informacao e Documentacao (Brazil)
_vno. 18
942 _cAMS
_2AGRIS
909 _a202506
_bLúcia
_c55
_dLúcia Elande
999 _c333759
_d333759